Mi sento tutta bionda : [la vita di Marilyn Monroe! /

Kaydedildi:
Detaylı Bibliyografya
Yazar: Martin, Pete (Yazar)
Diğer Yazarlar: Brinis, Hilia
Materyal Türü: Kitap
Dil:İtalyanca
Baskı/Yayın Bilgisi: [Milano : Corriere della sera!, 1957
Seri Bilgileri:I romanzi del Corriere ; 17
Konular:
Etiketler: Etiketle
Etiket eklenmemiş, İlk siz ekleyin!

MARC

LEADER 00000nam a22000007i 4500
001 IT\ICCU\TO0\1028685
003 ItRI
005 20260115232333.0
008 011220s1957 it |||||| ||||| |||||c
040 |b ita  |c importazione bologna sebina 
041 7 |a ita  |2 ISO-639-2 
082 |a 791.43028092  |9 CINEMA. Recitazione e recite. Persone  |2 21 
100 1 |a Martin, Pete  |0 IT\ICCU\TO0V\402595  |4 aut 
240 1 0 |a Will acting spoil Marilyn Monroe?  |3 IT\ICCU\TO0\1028690  |9 Martin, Pete 
245 1 0 |a Mi sento tutta bionda :  |b [la vita di Marilyn Monroe! /  |c Pete Martin ; traduzione dall'inglese di Ilia Brinis. 
260 |a [Milano :  |b Corriere della sera!,  |c 1957 
300 |a 168 p. :  |b ill. ;  |c 18 cm. 
650 7 |a Monroe, Marilyn 
700 1 |a Brinis, Hilia  |0 IT\ICCU\CFIV\022077 
790 1 |a Brinis, Hilja  |3 IT\ICCU\CFIV\157977  |z Brinis, Hilia 
790 1 |a Brinis, Ilia  |3 IT\ICCU\TO0V\424495  |z Brinis, Hilia 
830 2 |a I romanzi del Corriere ;  |v 17  |0 IT\ICCU\IEI\0116772 
942 |2 ddc  |c BK  |n 0 
952 |0 0  |1 0  |4 0  |6 DOC_813_520000000000000_MAR  |7 0  |9 24407  |a BO  |b BO  |d 2026-01-15  |i 11012  |l 0  |o DOC 813.52 MAR  |p BO11012  |r 2026-01-15 23:23:33  |w 2026-01-15  |x [Sebina 7] [1 v.]  |y BK  |z 1 v. 
999 |c 20778  |d 20778